Normal view
MARC view
- تاليف العامري، محمد اديب؛ اعداد وتقديم جميعان، محمد سلام ، اعداد وتقديم اللحام، ايمان احمد
Entry Personal Name
001 - CONTROL NUMBER
- control field: 49766
003 - CONTROL NUMBER IDENTIFIER
- control field: JO-AjAnu
005 - DATE AND TIME OF LATEST TRANSACTION
- control field: 20230606082210.0
008 - FIXED-LENGTH DATA ELEMENTS
- fixed length control field: 230606|| aca||aabn | a|a d
040 ## - CATALOGING SOURCE
- Original cataloging agency: JO-AjAnu
- Transcribing agency: JO-AjAnu
100 ## - HEADING--PERSONAL NAME
- Personal name: تاليف العامري، محمد اديب؛ اعداد وتقديم جميعان، محمد سلام ، اعداد وتقديم اللحام، ايمان احمد
670 ## - SOURCE DATA FOUND
- Source citation: Work cat.: (JO-AjAnu)25448: تاليف العامري، محمد اديب؛ اعداد وتقديم جميعان، محمد سلام ، اعداد وتقديم اللحام، ايمان احمد, author, شعاع النور: القدس العربية: عروبة فلسطين في التاريخ